000 02309nam a22003017a 4500
001 1611
003 FISKH
005 20250530115249.0
008 230911b cb ||||| |||| 00| 0 khr d
020 _a9789995054779
040 _aFISKH
_beng
_cFISKH
_dFISKH
082 _a944.36
100 _aKhai, Chut
245 _aក្មេងសាលាបារាំង​ /
_cរូបគំនូរដោយ ៖ ច័ន្ទ វិត្ថារិន្ទ
250 _aបោះពុម្ពលើកទី ៥ ខែកុម្ភៈ ឆ្នាំ ២០២០
260 _aPhnom Penh :
_bSipar,
_c2020.
300 _a118 pages :
_billustrations ;
_c19 cm
490 _aអក្សសិល្ប៍យុវវ័យ
505 _aZ'
520 _a៦ជំពូកបរិយាយពីសក្ខីភាពសម័យមុនកម្ពុជាបានឯករាជ្យ ៖ សម្រស់ក្រុង និងសកម្មភាពផ្សារកំពង់ចាម បរិយាកាសសិក្សា នៅ សាលាប្រុស និងវិទ្យាល័យព្រសីហនុ កំហិលរបស់សិស្សក្បាលខូចខ្លះ អាកប្បកិរិយារបស់គ្រូខ្មែរ និងបារាំង ការតស៊ូ និងភាពឆ្លាតវៃរបស់សិស្ស ស្នេហាយុវវ័យ ជីវិតអ្នកកោះហ្លួងលើ និងកោះសំរោង។
520 _a6 chapters describe the testimonies of the pre-independence of Cambodia: the beauty of the city and the activities of Kampong Cham market, the academic environment at the boys high school, the prejudice of some students, the attitude of some Khmer and French teachers, the struggles and intelligence of students, love, youth, life of the islanders at Upper and Koh Samrong.
521 8 _a920
_bLexile estimate
521 8 _aZ'
_bRaz-Plus
650 _aសក្ខីភាព
_vឯករាជ្យ
_xសម្រស់ទីក្រុង
_yបរិស្ថាន
650 _aTestimonies
_vIndependent
_xCity Beauty
_yEnvironment
700 _aVitharin, Chan
_eillustrator
942 _2ddc
_cKHB
_n0
999 _c1611
_d1611